000 nam a22 7a 4500
999 _c29934
_d29934
008 181109b xxu||||| |||| 00| 0 eng d
020 _a978996653109
050 _aLC 1090 .I53 2018
_b. I53 2018
100 _aIndangasi Henry
245 _aValue creating education in kenya
_bBuilding a human resource society/
_cHenry Indangasi ...[et al.].
260 _aUniversity of Nairobi :
_bKenya literature bureau,
_c2018.
300 _axviii, 238 p. :
_bIll. ;
_c22cm.
650 _aBuilding humane society
942 _2lcc
_cBOOKS
_hLC 1090 .I53 2018
_01